[Event "Paranaense-ch U20 Girls"]
[Site "Pirai do Sul"]
[Date "2019.07.13"]
[Round "3.1"]
[White "Bail, Ellen Larissa"]
[Black "Juliatto, Clara Machado"]
[Result "1-0"]
[WhiteElo "1867"]
[BlackElo "1630"]
[PlyCount "59"]
[EventDate "2019.07.12"]
[EventType "swiss"]
[EventRounds "5"]
[EventCountry "BRA"]
[SourceTitle "EXT 2022"]
[Source "ChessBase"]
[SourceDate "2021.10.06"]
[SourceVersion "1"]
[SourceVersionDate "2021.10.06"]
[SourceQuality "1"]

1. d4 Nf6 2. c4 g6 3. Nc3 Bg7 4. e4 d6 5. Be2 0-0 6. Be3 e5 7. d5 Nbd7 8. h3 Nc5 9. Qc2 a5 10. Rb1 h6 11. g4 Ne8 12. Qd2 Kh7 13. Nf3 f5 14. gxf5 gxf5 15. Bxc5 dxc5 16. Bd3 Nd6 17. Ke2 Qf6 18. Qe3 Kh8 19. Rbg1 fxe4 20. Nxe4 Nxe4 21. Bxe4 Bf5 22. Rg3 Rae8 23. Rhg1 Rf7 24. Nd2 b6 25. Rf3 Ref8 26. Rxf5 Qxf5 27. Bxf5 Rxf5 28. Ne4 Rf3 29. Qxf3 Rxf3 30. Kxf3 1-0

[Event "Sao Jose dos Pinhais U2200"]
[Site "Sao Jose dos Pinhais"]
[Date "2019.05.25"]
[Round "3"]
[White "Acosta, Pablo Alejandro"]
[Black "Juliatto, Clara Machado"]
[Result "1-0"]
[WhiteElo "2002"]
[BlackElo "1644"]
[PlyCount "105"]
[EventDate "2019.05.24"]
[EventType "swiss"]
[EventRounds "7"]
[EventCountry "BRA"]
[SourceTitle "EXT 2020"]
[Source "ChessBase"]
[SourceDate "2019.10.17"]
[SourceVersion "1"]
[SourceVersionDate "2019.10.17"]
[SourceQuality "1"]

1. e4 e5 2. Nf3 Nc6 3. Bb5 a6 4. Ba4 b5 5. Bb3 Bc5 6. a4 Bb7 7. Qe2 b4 8. Bxf7+ Kxf7 9. Qc4+ Ke8 10. Qxc5 d6 11. Qc4 h6 12. a5 Nf6 13. 0-0 Qe7 14. c3 Qf7 15. Qe2 Rf8 16. d4 exd4 17. cxd4 Ne7 18. e5 Nh5 19. exd6 cxd6 20. Re1 Ra7 21. Ra4 Bxf3 22. gxf3 Qg6+ 23. Kh1 Qxb1 24. Bg5 Qxe1+ 25. Qxe1 hxg5 26. Rxb4 Kd7 27. Qe4 Rc7 28. Qg4+ Nf5 29. Qxg5 g6 30. h3 Re8 31. Qxg6 Nhg3+ 32. Kh2 Re1 33. Qf7+ Re7 34. Qb3 Re2 35. Kg2 Rcc2 36. Rb7+ Rc7 37. Rb8 Re7 38. Qa4+ Ke6 39. fxg3 Kf6 40. h4 Ne3+ 41. Kh3 Rc1 42. g4 Rh1+ 43. Kg3 Rg1+ 44. Kh2 Rg2+ 45. Kh3 Rg1 46. g5+ Kg7 47. Qb3 Rf7 48. Rb7 Rh1+ 49. Kg3 d5 50. Rxf7+ Kxf7 51. Qxe3 Ra1 52. h5 Rxa5 53. g6+ 1-0

[Event "BRA-ch U16 Girls"]
[Site "Sao Paulo"]
[Date "2018.04.01"]
[Round "6"]
[White "Juliatto, Clara Machado"]
[Black "Primo E Silva, Beatriz"]
[Result "0-1"]
[WhiteElo "1545"]
[BlackElo "1687"]
[PlyCount "124"]
[EventDate "2018.03.29"]
[EventType "swiss"]
[EventRounds "6"]
[EventCountry "BRA"]
[SourceTitle "EXT 2019"]
[Source "ChessBase"]
[SourceDate "2018.10.10"]
[SourceVersion "1"]
[SourceVersionDate "2018.10.10"]
[SourceQuality "1"]

1. e4 c5 2. Nc3 Nc6 3. g3 g6 4. Bg2 Bg7 5. f4 d6 6. Nf3 Rb8 7. 0-0 b5 8. d3 b4 9. Ne2 Qb6 10. h3 h5 11. Kh2 Bd7 12. Nh4 Bh6 13. Nf3 e6 14. Nd2 Qc7 15. Nc4 Na5 16. Ne3 Nc6 17. Nc4 Bg7 18. Qe1 Na5 19. Nd2 Ne7 20. Nf3 Nac6 21. Qf2 Nd8 22. Nh4 Bf6 23. Ng1 Nec6 24. Re1 Bd4 25. Qe2 Bf6 26. Nhf3 Bg7 27. Nd2 Nd4 28. Qd1 Ba4 29. b3 Nxb3 30. axb3 Bxa1 31. bxa4 Qa5 32. Nb3 Qxa4 33. Nxa1 Qxa1 34. Be3 Qxd1 35. Rxd1 a5 36. Ra1 Nb7 37. Nf3 Ke7 38. Nd2 Ra8 39. Nc4 Ra6 40. Nb2 Rc8 41. f5 e5 42. Bf1 Raa8 43. Na4 Rc6 44. Bg5+ Kd7 45. d4 cxd4 46. Bb5 Kc7 47. Bxc6 Kxc6 48. fxg6 fxg6 49. Bd2 Nc5 50. Nxc5 Kxc5 51. Kg2 Kc4 52. Be1 a4 53. Bd2 b3 54. cxb3+ Kxb3 55. Bc1 a3 56. Bxa3 Rxa3 57. Rb1+ Kc2 58. Rb6 d3 59. Rxd6 d2 60. Rxg6 d1Q 61. Rc6+ Rc3 62. Rxc3+ Kxc3 0-1

[Event "Curitiba op"]
[Site "Curitiba"]
[Date "2018.02.23"]
[Round "1"]
[White "De Borba, Gabriel"]
[Black "Juliatto, Clara Machado"]
[Result "1-0"]
[WhiteElo "2019"]
[BlackElo "1545"]
[PlyCount "85"]
[EventDate "2018.02.23"]
[EventType "swiss"]
[EventRounds "6"]
[EventCountry "BRA"]
[SourceTitle "EXT 2019"]
[Source "ChessBase"]
[SourceDate "2018.10.10"]
[SourceVersion "1"]
[SourceVersionDate "2018.10.10"]
[SourceQuality "1"]

1. e4 e5 2. Nf3 Nc6 3. Bb5 a6 4. Ba4 b5 5. Bb3 Bc5 6. 0-0 d6 7. c3 Nf6 8. d4 Ba7 9. Bg5 h6 10. Bh4 g5 11. Bg3 Nxe4 12. Bd5 Bd7 13. Bxe4 f5 14. Bxc6 Bxc6 15. h3 f4 16. Bh2 e4 17. d5 exf3 18. dxc6 fxg2 19. Re1+ Kf7 20. Qd5+ Kg7 21. Kxg2 Re8 22. Nd2 Qf6 23. f3 Be3 24. Ne4 Qg6 25. Bg1 Re5 26. Qd1 g4 27. hxg4 h5 28. Bxe3 fxe3 29. Ng3 hxg4 30. f4 Rf8 31. Rxe3 Rxe3 32. Qd4+ Re5 33. fxe5 Qc2+ 34. Kg1 Qxb2 35. exd6+ Kh7 36. Re1 Rf7 37. Qe4+ Kh8 38. Qe8+ Kg7 39. Nh5+ Kg6 40. Re6+ Kg5 41. Qxf7 Qc1+ 42. Qf1 Qxc3 43. Qf6+ 1-0

[Event "Maringa Parana-ch"]
[Site "Maringa"]
[Date "2018.02.03"]
[Round "6"]
[White "Juliatto, Clara Machado"]
[Black "Melo, Sergio Roberto Samp"]
[Result "1-0"]
[WhiteElo "1545"]
[BlackElo "1721"]
[PlyCount "113"]
[EventDate "2018.01.31"]
[EventType "swiss"]
[EventRounds "8"]
[EventCountry "BRA"]
[SourceTitle "CBM 182 Extra"]
[Source "ChessBase"]
[SourceDate "2018.02.23"]
[SourceVersion "1"]
[SourceVersionDate "2018.02.23"]
[SourceQuality "1"]

1. e4 e6 2. d4 d5 3. Nd2 a6 4. Bd3 c5 5. c3 cxd4 6. cxd4 Nc6 7. Ne2 dxe4 8. Nxe4 Bb4+ 9. Bd2 Qb6 10. Bxb4 Qxb4+ 11. Qd2 Qxd2+ 12. Kxd2 Ke7 13. Rac1 Nh6 14. N4c3 Rd8 15. Ke3 Ng4+ 16. Kf3 h5 17. h3 Nf6 18. Ke3 Bd7 19. Rhd1 Nb4 20. Bc4 Bc6 21. a3 Nbd5+ 22. Nxd5+ Bxd5 23. Nf4 b5 24. Bxd5 Nxd5+ 25. Nxd5+ Rxd5 26. Rc7+ Kf6 27. Rc5 Rad8 28. Rxd5 Rxd5 29. Rc1 Ke7 30. Rc5 Kd6 31. b4 g5 32. Rc8 Ke7 33. Rc7+ Rd7 34. Rc5 f5 35. g4 hxg4 36. hxg4 Kf6 37. f3 fxg4 38. fxg4 Rh7 39. Rc3 Rh4 40. a4 Rh3+ 41. Kd2 Rxc3 42. Kxc3 bxa4 43. Kb2 e5 44. dxe5+ Kxe5 45. Ka3 Kd4 46. Kxa4 Kc4 47. Ka5 Kc3 48. Ka4 Kb2 49. b5 axb5+ 50. Kxb5 Kc3 51. Kc5 Kd3 52. Kd5 Kc3 53. Ke5 Kc4 54. Kf5 Kd5 55. Kxg5 Ke6 56. Kg6 Ke7 57. Kg7 1-0

[Event "Maringa Parana-ch"]
[Site "Maringa"]
[Date "2018.02.02"]
[Round "5"]
[White "Cogorni, Thiago Henrique"]
[Black "Juliatto, Clara Machado"]
[Result "1/2-1/2"]
[WhiteElo "1861"]
[BlackElo "1545"]
[PlyCount "61"]
[EventDate "2018.01.31"]
[EventType "swiss"]
[EventRounds "8"]
[EventCountry "BRA"]
[SourceTitle "CBM 182 Extra"]
[Source "ChessBase"]
[SourceDate "2018.02.23"]
[SourceVersion "1"]
[SourceVersionDate "2018.02.23"]
[SourceQuality "1"]

1. e4 e5 2. Nf3 Nc6 3. Bb5 a6 4. Ba4 b5 5. Bb3 Bc5 6. 0-0 Nf6 7. Qe2 0-0 8. c3 d6 9. d3 h6 10. h3 Ba7 11. Be3 Ne7 12. Nbd2 Ng6 13. a4 Be6 14. Bxe6 fxe6 15. Bxa7 Rxa7 16. axb5 Qb8 17. d4 exd4 18. Nxd4 Qb7 19. Nc6 Raa8 20. Ra5 Rfe8 21. b4 axb5 22. Qxb5 Qxb5 23. Rxb5 Ra2 24. Rd1 Rea8 25. Ra5 R8xa5 26. Nxa5 Ra3 27. Nab3 Nxe4 28. Nxe4 Rxb3 29. Rc1 Ne5 30. Rc2 Kf7 31. f4 1/2-1/2

[Event "Paranaense-ch (Women)"]
[Site "Pirai do Sul"]
[Date "2018.01.26"]
[Round "2.1"]
[White "Juliatto, Clara Machado"]
[Black "Hornes, Daiane Cristiane"]
[Result "1/2-1/2"]
[WhiteElo "1545"]
[BlackElo "1912"]
[PlyCount "94"]
[EventDate "2018.01.26"]
[EventType "swiss"]
[EventRounds "5"]
[EventCountry "BRA"]
[SourceTitle "EXT 2022"]
[Source "ChessBase"]
[SourceDate "2021.10.06"]
[SourceVersion "1"]
[SourceVersionDate "2021.10.06"]
[SourceQuality "1"]

1. e4 Nf6 2. Nc3 d5 3. exd5 Nxd5 4. Bc4 Nb6 5. Bb3 c5 6. d3 Nc6 7. Nf3 e6 8. 0-0 Be7 9. Re1 0-0 10. Bf4 Na5 11. Qe2 Nxb3 12. axb3 Bd6 13. Be3 Nd5 14. Bd2 Bd7 15. Ne4 Bc6 16. Nxd6 Qxd6 17. Ne5 Ne7 18. Qg4 Nf5 19. Bf4 Qd5 20. Re4 f6 21. Nxc6 Qxc6 22. Rae1 Rfe8 23. Rc4 b5 24. Rce4 Nd4 25. Qd1 e5 26. Bd2 Rad8 27. Bc3 Ne6 28. Bd2 Rd4 29. h3 Red8 30. Qf3 Rxe4 31. Rxe4 Qd7 32. Qh5 Qf7 33. Qf3 Nd4 34. Qd1 Nc6 35. Qf3 Nd4 36. Qd1 Qe6 37. Bc3 b4 38. Bxd4 Rxd4 39. Qe1 Qc6 40. Qe3 Qc7 41. Qe1 Rd8 42. Rc4 Qd6 43. Qa1 Rd7 44. Qe1 Qc7 45. Qe3 Rd5 46. Qe4 Qd6 47. Qe3 Qb6 1/2-1/2

[Event "Caioba Telecom op"]
[Site "Caioba"]
[Date "2017.09.29"]
[Round "4"]
[White "Lunelli, Neuri Antonio"]
[Black "Juliatto, Clara Machado"]
[Result "1-0"]
[WhiteElo "1810"]
[BlackElo "1545"]
[PlyCount "91"]
[EventDate "2017.09.28"]
[EventType "swiss"]
[EventRounds "8"]
[EventCountry "BRA"]
[SourceTitle "EXT 2018"]
[Source "ChessBase"]
[SourceDate "2017.10.13"]
[SourceVersion "1"]
[SourceVersionDate "2017.10.13"]
[SourceQuality "1"]

1. d4 Nf6 2. g3 g6 3. Bg2 Bg7 4. Nf3 d6 5. c4 0-0 6. 0-0 Nbd7 7. Nc3 e5 8. e3 a5 9. Qc2 c6 10. Rd1 Qc7 11. Bd2 Re8 12. Rac1 h6 13. h3 Nf8 14. c5 e4 15. cxd6 Qxd6 16. Ne5 c5 17. Nb5 Qb6 18. Qxc5 Qxc5 19. Rxc5 Ne6 20. Rc2 Ng5 21. Nc7 Bxh3 22. Nxe8 Nxe8 23. Bxh3 Nxh3+ 24. Kg2 Ng5 25. Nd7 Nf3 26. Rdc1 Kh7 27. Nb6 Ra6 28. Nc4 b6 29. a3 Nf6 30. b4 Nxd2 31. Rxd2 axb4 32. axb4 Nd5 33. b5 Ra8 34. Nd6 f5 35. g4 Bf8 36. Rc6 fxg4 37. Nxe4 h5 38. Nf6+ Nxf6 39. Rxf6 Bb4 40. Rc2 Ra1 41. Rxb6 h4 42. Rc7+ Kh6 43. Rcc6 h3+ 44. Kh2 Ra2 45. Rxg6+ Kh7 46. Kg3 1-0

[Event "BRA-ch U16 Girls"]
[Site "Itajai"]
[Date "2017.06.03"]
[Round "5"]
[White "Juliatto, Clara Machado"]
[Black "Delavy, Jhenifer Vitoria Co"]
[Result "0-1"]
[WhiteElo "1567"]
[BlackElo "1464"]
[PlyCount "136"]
[EventDate "2017.06.01"]
[EventType "swiss"]
[EventRounds "6"]
[EventCountry "BRA"]
[SourceTitle "CBM 179 Extra"]
[Source "ChessBase"]
[SourceDate "2017.08.23"]
[SourceVersion "1"]
[SourceVersionDate "2017.08.23"]
[SourceQuality "1"]

1. e4 c5 2. f4 d6 3. Nf3 Nc6 4. g3 e6 5. Bg2 Nge7 6. d3 g6 7. Nc3 Bg7 8. 0-0 0-0 9. g4 f5 10. exf5 gxf5 11. g5 a6 12. Ne2 Rb8 13. Ng3 b5 14. Qd2 a5 15. Qd1 b4 16. Re1 a4 17. Rb1 Nd5 18. Bd2 Na5 19. Kh1 Qc7 20. Qe2 c4 21. Nh4 Qc5 22. Qf3 c3 23. Bc1 b3 24. axb3 axb3 25. bxc3 Nxc3 26. Rb2 Bb7 27. Qf1 Bxg2+ 28. Qxg2 Na2 29. Rb1 Qxc2 30. Bd2 Bc3 31. Bxc3 Nxc3 32. Rb2 Qxg2+ 33. Nxg2 Na4 34. Rbb1 b2 35. Re2 Nc3 36. Rbxb2 Nxe2 37. Rxe2 Rb1+ 38. Ne1 Nc6 39. Kg2 Nd4 40. Re3 Rb2+ 41. Kf1 Rc8 42. Ne2 Nxe2 43. Rxe2 Rxe2 44. Kxe2 e5 45. fxe5 dxe5 46. Nf3 Re8 47. h4 e4 48. dxe4 Rxe4+ 49. Kf2 Kg7 50. Kg3 Kg6 51. Kh3 Kh5 52. Kg3 Rg4+ 53. Kh3 f4 54. Kh2 Rxh4+ 55. Nxh4 Kxh4 56. Kg2 Kg4 57. Kf2 Kxg5 58. Kf3 h5 59. Kf2 h4 60. Kg2 Kg4 61. Kf2 h3 62. Kg1 Kf3 63. Kh1 Ke2 64. Kg1 f3 65. Kh1 f2 66. Kh2 f1Q 67. Kg3 Qf3+ 68. Kh4 Qg2 0-1

[Event "BRA-ch U16 Girls"]
[Site "Itajai"]
[Date "2017.06.01"]
[Round "1"]
[White "Juliatto, Clara Machado"]
[Black "Martins, Lara"]
[Result "1-0"]
[WhiteElo "1567"]
[BlackElo "1314"]
[PlyCount "79"]
[EventDate "2017.06.01"]
[EventType "swiss"]
[EventRounds "6"]
[EventCountry "BRA"]
[SourceTitle "CBM 179 Extra"]
[Source "ChessBase"]
[SourceDate "2017.08.23"]
[SourceVersion "1"]
[SourceVersionDate "2017.08.23"]
[SourceQuality "1"]

1. e4 c6 2. d4 d5 3. f3 e6 4. Bd3 c5 5. c3 Nc6 6. Ne2 e5 7. dxe5 Nxe5 8. exd5 Nxd3+ 9. Qxd3 Bd6 10. Na3 Nf6 11. c4 0-0 12. Bd2 a6 13. 0-0 Qe8 14. Rfe1 Qe5 15. Bf4 Qe7 16. Nc3 Qd8 17. Bxd6 Qxd6 18. Ne4 Nxe4 19. Qxe4 Bd7 20. Qe7 Qxe7 21. Rxe7 Bf5 22. Rxb7 g6 23. Re1 Rfe8 24. Ree7 Rxe7 25. Rxe7 Rb8 26. Re2 Rb4 27. Rd2 Ra4 28. d6 Rb4 29. b3 Rb7 30. Rd5 Be6 31. Rd2 Rd7 32. Nb1 a5 33. Nc3 a4 34. Nxa4 Ra7 35. Nxc5 Ra5 36. d7 Bxd7 37. Nxd7 Ra7 38. c5 Rc7 39. b4 Rc8 40. b5 1-0

[Event "Curitiba IEP&Copel op"]
[Site "Curitiba"]
[Date "2017.05.14"]
[Round "6"]
[White "Da Silva, Joao Carlos Orguim"]
[Black "Juliatto, Clara Machado"]
[Result "0-1"]
[WhiteElo "1760"]
[BlackElo "1504"]
[PlyCount "71"]
[EventDate "2017.05.12"]
[EventType "swiss"]
[EventRounds "6"]
[EventCountry "BRA"]
[SourceTitle "CBM 178 Extra"]
[Source "ChessBase"]
[SourceDate "2017.06.22"]
[SourceVersion "1"]
[SourceVersionDate "2017.06.22"]
[SourceQuality "1"]

1. d4 Nf6 2. c4 g6 3. Nc3 Bg7 4. e4 d6 5. Be2 0-0 6. Be3 e5 7. d5 Nbd7 8. g4 Nc5 9. f3 a5 10. g5 Nfd7 11. h4 Qe7 12. Nh3 Nb6 13. Nf2 Qd8 14. Qd2 Bd7 15. b3 Bc8 16. 0-0-0 Nbd7 17. Rh2 Re8 18. Ng4 Re7 19. Rdh1 Bh8 20. h5 Qe8 21. hxg6 fxg6 22. Qe1 Nb6 23. Qh4 Qd8 24. Nf6+ Bxf6 25. gxf6 Rf7 26. Bg5 h5 27. Qxh5 gxh5 28. Rxh5 Re7 29. Rh8+ Kf7 30. R1h7+ Kg6 31. Rh5 Qg8 32. f4 exf4 33. Bxf4 Kf7 34. R8h7+ Qxh7 35. Rxh7+ Kxf6 36. Rh5 0-1

[Event "Curitiba IEP&Copel op"]
[Site "Curitiba"]
[Date "2017.05.12"]
[Round "2"]
[White "Calcado, Acyr Rogerio"]
[Black "Juliatto, Clara Machado"]
[Result "1-0"]
[WhiteElo "2127"]
[BlackElo "1504"]
[PlyCount "79"]
[EventDate "2017.05.12"]
[EventType "swiss"]
[EventRounds "6"]
[EventCountry "BRA"]
[SourceTitle "CBM 178 Extra"]
[Source "ChessBase"]
[SourceDate "2017.06.22"]
[SourceVersion "1"]
[SourceVersionDate "2017.06.22"]
[SourceQuality "1"]

1. Nf3 Nf6 2. g3 g6 3. Bg2 Bg7 4. 0-0 0-0 5. c4 d6 6. Nc3 e5 7. d3 Nbd7 8. Rb1 a6 9. b4 Re8 10. Nd2 Nf8 11. Nb3 Ne6 12. Bd2 Nd7 13. e3 f5 14. Na5 Rb8 15. Qb3 c6 16. Qa3 Nf6 17. Bxc6 bxc6 18. Nxc6 Qc7 19. Nxb8 Qxb8 20. b5 Ng5 21. f4 Nf7 22. bxa6 Qa7 23. Nb5 Qd7 24. Qa5 Qc6 25. Nc7 Rd8 26. a7 Bb7 27. Rxb7 Qxb7 28. a8Q Rxa8 29. Qxa8+ Qxa8 30. Nxa8 Bf8 31. Nb6 Be7 32. a4 Bd8 33. a5 Bc7 34. Nc8 Nd8 35. a6 Nc6 36. Ne7+ Kf7 37. Nxc6 Nd7 38. Rb1 Nb6 39. a7 Na8 40. Rb8 1-0

[Event "BRA-ch U14 Girls"]
[Site "Brasilia"]
[Date "2017.04.22"]
[Round "5"]
[White "Juliatto, Clara Machado"]
[Black "Felix, Luiza de Oliveira"]
[Result "1-0"]
[WhiteElo "1494"]
[BlackElo "1678"]
[PlyCount "21"]
[EventDate "2017.04.21"]
[EventType "swiss"]
[EventRounds "6"]
[EventCountry "BRA"]
[SourceTitle "CBM 177 Extra"]
[Source "ChessBase"]
[SourceDate "2017.04.27"]
[SourceVersion "1"]
[SourceVersionDate "2017.04.27"]
[SourceQuality "1"]

1. e4 c6 2. d4 d5 3. f3 e6 4. c3 Ne7 5. Bd3 h6 6. Ne2 Ng6 7. Be3 Nd7 8. e5 Be7 9. Nd2 0-0 10. Qc2 Nh8 11. Bh7# 1-0

[Event "Parana-ch"]
[Site "Pirai do Sul"]
[Date "2017.02.05"]
[Round "8"]
[White "Juliatto, Clara Machado"]
[Black "Carneiro, Paulo Irajara Borba"]
[Result "1/2-1/2"]
[WhiteElo "1549"]
[BlackElo "1622"]
[PlyCount "109"]
[EventDate "2017.02.01"]
[EventType "swiss"]
[EventRounds "8"]
[EventCountry "BRA"]
[SourceTitle "CBM 176 Extra"]
[Source "ChessBase"]
[SourceDate "2017.03.02"]
[SourceVersion "1"]
[SourceVersionDate "2017.03.02"]
[SourceQuality "1"]

1. e4 c5 2. f4 d6 3. Nf3 Nf6 4. d3 g6 5. g3 Bg7 6. Bg2 Qc7 7. 0-0 e6 8. Nc3 a6 9. h3 b5 10. a3 Bb7 11. Be3 Nbd7 12. Bf2 0-0 13. Rb1 Rac8 14. Ne2 Nb6 15. Kh2 h5 16. Qd2 c4 17. Bd4 Nbd7 18. Rbc1 Nc5 19. Qc3 Na4 20. Qd2 Rfd8 21. Nc3 Nc5 22. Ne2 Kh7 23. Qc3 Na4 24. Qd2 Re8 25. Nfg1 Qc6 26. Nc3 Nxc3 27. Bxc3 Qd7 28. Bd4 cxd3 29. cxd3 Ng8 30. Bxg7 Kxg7 31. Ne2 Ne7 32. Qe3 f6 33. Nd4 e5 34. Nb3 Nc6 35. Bh1 Ba8 36. Bg2 Re7 37. Bh1 Qa7 38. Qxa7 Rxa7 39. Na5 Rac7 40. Nb3 Ne7 41. Rxc7 Rxc7 42. Rc1 Rxc1 43. Nxc1 Nc6 44. Ne2 b4 45. Bf3 a5 46. a4 Bb7 47. Nc1 Nd4 48. Bd1 d5 49. exd5 Bxd5 50. fxe5 fxe5 51. Kg1 Kf6 52. Kf2 g5 53. Ke3 Nf5+ 54. Kf2 Nd4 55. Ke3 1/2-1/2

[Event "Parana-ch"]
[Site "Pirai do Sul"]
[Date "2017.02.01"]
[Round "1"]
[White "Osipi, Jair"]
[Black "Juliatto, Clara Machado"]
[Result "1-0"]
[WhiteElo "2196"]
[BlackElo "1549"]
[PlyCount "89"]
[EventDate "2017.02.01"]
[EventType "swiss"]
[EventRounds "8"]
[EventCountry "BRA"]
[SourceTitle "CBM 176 Extra"]
[Source "ChessBase"]
[SourceDate "2017.03.02"]
[SourceVersion "1"]
[SourceVersionDate "2017.03.02"]
[SourceQuality "1"]

1. d4 Nf6 2. Nf3 g6 3. c4 Bg7 4. Nc3 0-0 5. e4 d6 6. Be2 e5 7. dxe5 dxe5 8. Bg5 c6 9. 0-0 h6 10. Bh4 Qc7 11. Bg3 Nbd7 12. Qc2 b6 13. Rad1 Bb7 14. Rfe1 Rfe8 15. Bf1 Rad8 16. b4 Qc8 17. a3 Qa8 18. Nd2 Rf8 19. f3 Ne8 20. Nb3 Nc7 21. a4 Rfe8 22. b5 c5 23. Nd5 Qc8 24. Bh4 g5 25. Bf2 Nf6 26. Nxc7 Qxc7 27. a5 bxa5 28. Nxc5 Bc8 29. Na4 Rxd1 30. Rxd1 Rd8 31. Rxd8+ Qxd8 32. Bxa7 Be6 33. Be3 Nd7 34. c5 Qc7 35. Qc3 Qa7 36. c6 Qc7 37. b6 Qd6 38. c7 Nxb6 39. Nxb6 Qd1 40. c8Q+ Bxc8 41. Qxc8+ Kh7 42. Qf5+ Kg8 43. Nd5 a4 44. Qc8+ Kh7 45. Ne7 1-0

[Event "Parana-ch (Women)"]
[Site "Pirai do Sul"]
[Date "2017.01.29"]
[Round "3"]
[White "De Moura, Sophia Cadamuro"]
[Black "Juliatto, Clara Machado"]
[Result "1/2-1/2"]
[WhiteElo "1317"]
[BlackElo "1549"]
[PlyCount "34"]
[EventDate "2017.01.28"]
[EventType "swiss"]
[EventRounds "6"]
[EventCountry "BRA"]
[SourceTitle "CBM 176 Extra"]
[Source "ChessBase"]
[SourceDate "2017.03.02"]
[SourceVersion "1"]
[SourceVersionDate "2017.03.02"]
[SourceQuality "1"]

1. e4 e5 2. Nf3 Nc6 3. Bc4 Bc5 4. Nc3 Nf6 5. 0-0 d6 6. h3 0-0 7. d3 h6 8. Be3 Bb6 9. Ne2 Be6 10. Bb3 Re8 11. Ng3 Qd7 12. c3 Rac8 13. Bxb6 axb6 14. Re1 Ra8 15. d4 exd4 16. cxd4 Bxb3 17. Qxb3 Qd8 1/2-1/2

[Event "Parana-ch (Women)"]
[Site "Pirai do Sul"]
[Date "2017.01.29"]
[Round "4"]
[White "Juliatto, Clara Machado"]
[Black "Oliveira, Fabiola Facinni Sil"]
[Result "1-0"]
[WhiteElo "1549"]
[BlackElo "1356"]
[PlyCount "131"]
[EventDate "2017.01.28"]
[EventType "swiss"]
[EventRounds "6"]
[EventCountry "BRA"]
[SourceTitle "CBM 176 Extra"]
[Source "ChessBase"]
[SourceDate "2017.03.02"]
[SourceVersion "1"]
[SourceVersionDate "2017.03.02"]
[SourceQuality "1"]

1. e4 e5 2. Nf3 Nc6 3. Bc4 Bc5 4. 0-0 d6 5. d3 Bg4 6. c3 h6 7. a4 a6 8. b4 Ba7 9. h3 Bh5 10. Re1 Nf6 11. Nbd2 0-0 12. Nf1 Nh7 13. Ng3 Bg6 14. Be3 Bxe3 15. fxe3 Ng5 16. Rf1 Na7 17. Ra2 c6 18. Bb3 b5 19. a5 Re8 20. Raf2 Ne6 21. Qd2 Rc8 22. c4 Rc7 23. Nf5 Rd7 24. Ng3 Rc7 25. Re2 Rd7 26. Rc1 Rc7 27. Rc3 Rd7 28. Qc1 Ng5 29. Rf2 Ne6 30. Rcc2 Kh8 31. Rc3 Kg8 32. Kh2 Kh8 33. Qf1 Kg8 34. Kg1 Kh8 35. Nf5 Qf6 36. Ng3 Qd8 37. Qd1 c5 38. bxc5 Qxa5 39. Qc2 Nxc5 40. cxb5 Nxb5 41. Rc4 Na3 42. Rxc5 dxc5 43. Qd1 Qb4 44. Ba4 Nb5 45. Bc2 f6 46. Qa1 Ra8 47. Rf1 Qa3 48. Qd1 c4 49. d4 Qxe3+ 50. Kh1 exd4 51. Re1 Qc3 52. Ne2 Qa3 53. Nexd4 Nxd4 54. Nxd4 Rad8 55. Qg4 Bh7 56. Nc6 f5 57. exf5 Ra8 58. f6 Rc7 59. Bxh7 Kxh7 60. Re7 Rxe7 61. Nxe7 Qa1+ 62. Kh2 Qxf6 63. Qe4+ Qg6 64. Qxg6+ Kh8 65. Nf5 Kg8 66. Qxg7# 1-0

[Event "Caioba Telecom op"]
[Site "Caioba"]
[Date "2016.08.27"]
[Round "4"]
[White "Bartmeyer, Jose Francisco"]
[Black "Juliatto, Clara Machado"]
[Result "0-1"]
[WhiteElo "1800"]
[BlackElo "1546"]
[PlyCount "74"]
[EventDate "2016.08.26"]
[EventType "swiss"]
[EventRounds "6"]
[EventCountry "BRA"]
[SourceTitle "CBM 174 Extra"]
[Source "ChessBase"]
[SourceDate "2016.10.10"]
[SourceVersion "1"]
[SourceVersionDate "2016.10.10"]
[SourceQuality "1"]

1. d4 Nf6 2. Bf4 g6 3. Nf3 Bg7 4. e3 d6 5. h3 b6 6. c3 Bb7 7. Nbd2 Nbd7 8. Bc4 0-0 9. Qc2 Qc8 10. Bd3 Ba6 11. 0-0 Bb7 12. Rfd1 a5 13. a3 Nh5 14. Bg5 Nhf6 15. b4 axb4 16. axb4 h6 17. Bf4 Nh5 18. Rxa8 Qxa8 19. Re1 Nxf4 20. exf4 e6 21. Qb2 Qd8 22. Ra1 Qe7 23. Ra7 Rb8 24. Qc2 Qd8 25. c4 Qc8 26. c5 dxc5 27. dxc5 bxc5 28. bxc5 Ra8 29. Rxb7 Qxb7 30. c6 Qc8 31. cxd7 Qxd7 32. Ne5 Bxe5 33. fxe5 Qd4 34. Nf3 Ra1+ 35. Kh2 Qf4+ 36. g3 Qxf3 37. Be4 Rh1# 0-1

[Event "BRA-ch U16 Girls"]
[Site "Itajai"]
[Date "2016.06.10"]
[Round "2"]
[White "Conceicao, Julia Brito da"]
[Black "Juliatto, Clara Machado"]
[Result "1-0"]
[WhiteElo "1488"]
[BlackElo "1822"]
[PlyCount "105"]
[EventDate "2016.06.09"]
[EventType "swiss"]
[EventRounds "6"]
[EventCountry "BRA"]
[SourceTitle "CBM 172 Extra"]
[Source "ChessBase"]
[SourceDate "2016.06.21"]
[SourceVersion "1"]
[SourceVersionDate "2016.06.21"]
[SourceQuality "1"]

1. e4 e5 2. Nf3 Nc6 3. Bc4 Bc5 4. c3 Nf6 5. d4 exd4 6. cxd4 Bb4+ 7. Bd2 Bxd2+ 8. Nbxd2 d6 9. 0-0 Bg4 10. Re1 0-0 11. h3 Bh5 12. Nb3 Re8 13. d5 Ne5 14. Nbd2 Nxc4 15. Nxc4 Rxe4 16. Rxe4 Nxe4 17. Qd3 Bxf3 18. Qxf3 Nf6 19. Ne3 Qd7 20. Rc1 Rc8 21. Qf4 Qb5 22. Qd4 Qb6 23. Qc3 c6 24. Nf5 Rd8 25. dxc6 Qxc6 26. Qxc6 bxc6 27. Rxc6 d5 28. Rc7 g6 29. Nh6+ Kg7 30. Nxf7 Rd7 31. Rxd7 Nxd7 32. Nd8 Kf6 33. Kf1 a6 34. Nc6 Ke6 35. Nb4 a5 36. Nd3 Kf5 37. Ke2 Ne5 38. Nxe5 Kxe5 39. Kd3 Kd6 40. Kd4 Kc6 41. b3 Kb5 42. a3 Kc6 43. f4 Kd6 44. g4 Ke6 45. b4 axb4 46. axb4 Kd6 47. b5 Kc7 48. Kxd5 Kb6 49. f5 gxf5 50. gxf5 Kxb5 51. f6 Kb4 52. f7 Kc3 53. f8Q 1-0